[Event "SVK-chT1E 1819"]
[Site "Slovakia"]
[Date "2019.02.24"]
[Round "9.6"]
[White "Scherbak, Yaroslav"]
[Black "Magat, Jozef"]
[Result "1-0"]
[WhiteElo "2197"]
[BlackElo "2112"]
[PlyCount "103"]
[EventDate "2018.10.27"]
[EventType "team-tourn"]
[EventRounds "11"]
[EventCountry "SVK"]
[SourceTitle "CBM 189 Extra"]
[Source "ChessBase"]
[SourceDate "2019.06.03"]
[SourceVersion "1"]
[SourceVersionDate "2019.06.03"]
[SourceQuality "1"]
[WhiteTeam "Kosice Slavia TU II"]
[BlackTeam "Dunajov Inbest II"]
[WhiteTeamCountry "SVK"]
[BlackTeamCountry "SVK"]

1. d4 Nf6 2. c4 e6 3. Nf3 b6 4. g3 Bb7 5. Bg2 Bb4+ 6. Bd2 Bxd2+ 7. Nbxd2 0-0 8. 0-0 d6 9. Qc2 c5 10. Rfd1 Nc6 11. dxc5 bxc5 12. Ne4 Nb4 13. Nxf6+ Qxf6 14. Qb3 Qe7 15. a3 Nc6 16. Qd3 Rfd8 17. Qc3 a5 18. Rd3 e5 19. e4 Nd4 20. Re1 Qc7 21. Qd2 Ba6 22. Rc1 Rab8 23. Nxd4 exd4 24. b3 Re8 25. Qc2 Re7 26. Rb1 Bb7 27. f3 Ba6 28. Bf1 Bc8 29. Rdd1 f5 30. Bd3 fxe4 31. Bxe4 Bb7 32. Bxh7+ Kh8 33. Qf5 Rf7 34. Qh3 g5 35. Bg6+ Kg8 36. Qe6 Bxf3 37. Rf1 g4 38. h3 Rbf8 39. hxg4 Kg7 40. Bxf7 Qxf7 41. Qxf7+ Rxf7 42. b4 cxb4 43. axb4 axb4 44. Rb3 Be2 45. Rxf7+ Kxf7 46. Rxb4 Bxg4 47. Kf2 Ke6 48. Rb5 d3 49. Ke3 Be2 50. Rd5 Bf1 51. Rd4 Ke5 52. Re4+ 1-0

[Event "UKR-ch U16"]
[Site "Vinnytsia"]
[Date "2018.03.12"]
[Round "7"]
[White "Kukelko, Alexey"]
[Black "Scherbak, Yaroslav"]
[Result "1-0"]
[WhiteElo "2163"]
[BlackElo "2148"]
[PlyCount "85"]
[EventDate "2018.03.07"]
[EventType "tourn"]
[EventRounds "11"]
[EventCountry "UKR"]
[SourceTitle "CBM 183 Extra"]
[Source "ChessBase"]
[SourceDate "2018.04.19"]
[SourceVersion "1"]
[SourceVersionDate "2018.04.19"]
[SourceQuality "1"]

1. e4 c5 2. Nf3 Nc6 3. Bb5 d6 4. 0-0 Bd7 5. Re1 Nf6 6. c3 Ne5 7. Nxe5 dxe5 8. a4 e6 9. Na3 Bd6 10. d3 0-0 11. Nc4 Qc7 12. Qf3 b6 13. Bg5 Ne8 14. Be3 Bc6 15. Qg3 f6 16. h4 a6 17. Bxc6 Qxc6 18. b4 Bc7 19. Qh3 Kf7 20. Qf3 Kg8 21. Qh3 Kf7 22. a5 b5 23. Nb6 Bxb6 24. axb6 c4 25. dxc4 bxc4 26. Ra5 Qxe4 27. Rd1 f5 28. Bc5 Nf6 29. Bxf8 Kxf8 30. Qe3 Qxe3 31. fxe3 Nd5 32. Rdxd5 exd5 33. b5 d4 34. b7 Rd8 35. exd4 exd4 36. bxa6 dxc3 37. a7 c2 38. Ra1 Rd1+ 39. Kh2 Rxa1 40. a8Q+ Rxa8 41. bxa8Q+ Kf7 42. Qd5+ Kf8 43. Qxf5+ 1-0

[Event "UKR-ch U16"]
[Site "Vinnytsia"]
[Date "2018.03.11"]
[Round "6"]
[White "Scherbak, Yaroslav"]
[Black "Kyrychenko, Maryan"]
[Result "1-0"]
[WhiteElo "2148"]
[BlackElo "2270"]
[PlyCount "77"]
[EventDate "2018.03.07"]
[EventType "tourn"]
[EventRounds "11"]
[EventCountry "UKR"]
[SourceTitle "CBM 183 Extra"]
[Source "ChessBase"]
[SourceDate "2018.04.19"]
[SourceVersion "1"]
[SourceVersionDate "2018.04.19"]
[SourceQuality "1"]

1. d4 d5 2. c4 dxc4 3. Nf3 Nf6 4. g3 c5 5. Qa4+ Nc6 6. dxc5 e6 7. Bg2 Bxc5 8. 0-0 0-0 9. Qxc4 Qd5 10. Nbd2 Rd8 11. Qxd5 Nxd5 12. Nb3 b6 13. Nxc5 bxc5 14. Bd2 Ba6 15. Rfe1 Rab8 16. Rab1 Ndb4 17. Bxb4 Nxb4 18. a3 Nc2 19. Rec1 Nd4 20. Rxc5 Nxe2+ 21. Kh1 Rb3 22. Rc7 Bb7 23. Ne5 Bxg2+ 24. Kxg2 f6 25. Rd1 Rbb8 26. Rxd8+ Rxd8 27. Nc6 Rd2 28. b4 a6 29. Ra7 e5 30. Rxa6 Rb2 31. a4 Nc3 32. a5 e4 33. Ra8+ Kf7 34. Kh3 Rxf2 35. a6 e3 36. a7 e2 37. Re8 Kxe8 38. a8Q+ Kf7 39. Qa7+ 1-0

[Event "UKR-ch U16"]
[Site "Vinnytsia"]
[Date "2018.03.09"]
[Round "3"]
[White "Medvedyk, Volodymyr"]
[Black "Scherbak, Yaroslav"]
[Result "1/2-1/2"]
[WhiteElo "2145"]
[BlackElo "2148"]
[PlyCount "128"]
[EventDate "2018.03.07"]
[EventType "tourn"]
[EventRounds "11"]
[EventCountry "UKR"]
[SourceTitle "CBM 183 Extra"]
[Source "ChessBase"]
[SourceDate "2018.04.19"]
[SourceVersion "1"]
[SourceVersionDate "2018.04.19"]
[SourceQuality "1"]

1. e4 e5 2. Bc4 Nf6 3. d3 Bc5 4. Nf3 d6 5. 0-0 0-0 6. c3 Nbd7 7. d4 Bb6 8. Re1 c6 9. Bg5 Qc7 10. Nbd2 exd4 11. cxd4 d5 12. exd5 cxd5 13. Bd3 Qd6 14. Nf1 Nb8 15. Ne3 Bd8 16. Ne5 Nc6 17. Bf4 Qb4 18. Nxc6 bxc6 19. a3 Qb7 20. Qf3 Be6 21. Nf5 Bxf5 22. Bxf5 g6 23. Bd3 Qd7 24. Re2 Nh5 25. Bh6 Re8 26. Rae1 Rxe2 27. Qxe2 Bf6 28. Be3 Re8 29. Qd2 Qe6 30. Rc1 Qg4 31. Be2 Qd7 32. Bxh5 gxh5 33. Qc2 Re4 34. Qc5 Qe7 35. Qxc6 Bxd4 36. Qxd5 Bxe3 37. fxe3 Rxe3 38. Rc8+ Kg7 39. Qd4+ Qe5 40. Qxe5+ Rxe5 41. Ra8 a5 42. Rb8 Re2 43. h4 Kf6 44. Rb5 Kg6 45. b3 a4 46. Rg5+ Kh6 47. bxa4 Re3 48. Ra5 Rxa3 49. Kf2 f6 50. Ra7 Kg6 51. a5 Ra4 52. Kg3 Ra3+ 53. Kf2 Ra4 54. g3 Ra2+ 55. Kf3 Ra3+ 56. Kg2 Ra2+ 57. Kh3 Kh6 58. a6 Kg6 59. Ra8 Kh6 60. Ra7 Kg6 61. Ra8 Kh6 62. Ra7 Kg6 63. Ra8 Kh6 64. Ra7 Kg6 1/2-1/2

[Event "UKR-ch U16"]
[Site "Vinnytsia"]
[Date "2018.03.08"]
[Round "2"]
[White "Scherbak, Yaroslav"]
[Black "Levitsky, Andrey"]
[Result "0-1"]
[WhiteElo "2148"]
[BlackElo "2177"]
[PlyCount "68"]
[EventDate "2018.03.07"]
[EventType "tourn"]
[EventRounds "11"]
[EventCountry "UKR"]
[SourceTitle "CBM 183 Extra"]
[Source "ChessBase"]
[SourceDate "2018.04.19"]
[SourceVersion "1"]
[SourceVersionDate "2018.04.19"]
[SourceQuality "1"]

1. Nf3 c5 2. c4 Nf6 3. Nc3 e6 4. d4 cxd4 5. Nxd4 a6 6. e4 Qc7 7. Be2 b6 8. Be3 Bb7 9. f3 Be7 10. 0-0 0-0 11. a4 d6 12. Qd2 Nc6 13. Nxc6 Bxc6 14. Rfc1 Qb7 15. b4 Rfd8 16. Qd4 Rab8 17. b5 axb5 18. cxb5 Be8 19. a5 Nd7 20. axb6 Nxb6 21. Ra6 Nc8 22. b6 Bf6 23. Qb4 d5 24. exd5 exd5 25. Bf4 Be7 26. Qd4 Bd6 27. Bxd6 Rxd6 28. Rb1 Nxb6 29. Qc5 Rc6 30. Qa5 Qe7 31. Nxd5 Nxd5 32. Re1 Rxa6 33. Bxa6 Qa7+ 34. Kh1 Nf6 0-1

[Event "Krakow op-B 27th"]
[Site "Krakow"]
[Date "2016.12.27"]
[Round "1"]
[White "Walentukiewicz, Michal"]
[Black "Scherbak, Yaroslav"]
[Result "1/2-1/2"]
[WhiteElo "2090"]
[BlackElo "1900"]
[PlyCount "59"]
[EventDate "2016.12.27"]
[EventType "swiss"]
[EventRounds "9"]
[EventCountry "POL"]
[SourceTitle "CBM 176 Extra"]
[Source "ChessBase"]
[SourceDate "2017.03.02"]
[SourceVersion "1"]
[SourceVersionDate "2017.03.02"]
[SourceQuality "1"]

1. Nf3 Nf6 2. g3 e6 3. Bg2 b6 4. 0-0 Bb7 5. c4 Be7 6. d4 0-0 7. Nc3 Ne4 8. Qc2 Nxc3 9. Qxc3 f5 10. Rd1 Bf6 11. Qb3 d6 12. Be3 Qe7 13. Rac1 c5 14. Ne1 Bxg2 15. Nxg2 Nd7 16. Qc2 g6 17. b3 e5 18. dxe5 dxe5 19. Bh6 Rfd8 20. Ne3 Rac8 21. Nd5 Qe6 22. Qd2 Nb8 23. Qe3 Nc6 24. Rd2 Rd6 25. Bg5 Bxg5 26. Qxg5 Kg7 27. Rcd1 h6 28. Qe3 Nd4 29. Kg2 Rcd8 30. Qd3 1/2-1/2

[Event "UKR-ch U14"]
[Site "Vinnytsia"]
[Date "2016.04.08"]
[Round "4"]
[White "Fomin, Maxim"]
[Black "Scherbak, Yaroslav"]
[Result "1/2-1/2"]
[WhiteElo "1908"]
[BlackElo "1958"]
[PlyCount "88"]
[EventDate "2016.04.06"]
[EventType "tourn"]
[EventRounds "11"]
[EventCountry "UKR"]
[SourceTitle "CBM 171 Extra"]
[Source "ChessBase"]
[SourceDate "2016.04.26"]
[SourceVersion "1"]
[SourceVersionDate "2016.04.26"]
[SourceQuality "1"]

1. d4 Nf6 2. c4 e6 3. Nc3 Bb4 4. Qc2 c5 5. Nf3 cxd4 6. Nxd4 Nc6 7. Nxc6 dxc6 8. a3 Be7 9. g3 e5 10. Bg2 Be6 11. b3 0-0 12. 0-0 Qc7 13. Bb2 Nd7 14. e4 f6 15. Ne2 a5 16. Rfd1 Qb6 17. Bc3 Rfd8 18. Nc1 Bf8 19. Bd2 Bg4 20. Re1 Bc5 21. Nd3 Bd4 22. Be3 Bxe3 23. Rxe3 Nc5 24. Nxc5 Qxc5 25. Rd3 Rd4 26. h3 Be6 27. Rxd4 exd4 28. a4 Rd8 29. Qd3 Qb4 30. Rd1 Rd7 31. Bf1 Qd6 32. Kg2 c5 33. f4 Re7 34. Be2 Qd7 35. f5 Bf7 36. Qf3 Re5 37. Bd3 Qc7 38. Qf2 Qb6 39. Qc2 Be8 40. Rf1 Bc6 41. Kh2 Qc7 42. Rf4 Qe7 43. h4 Kf8 44. Qe2 Qe8 1/2-1/2

[Event "UKR-ch U14"]
[Site "Vinnytsia"]
[Date "2016.04.06"]
[Round "1"]
[White "Scherbak, Yaroslav"]
[Black "Baidetsky, Valentin"]
[Result "0-1"]
[WhiteElo "1958"]
[BlackElo "2167"]
[PlyCount "58"]
[EventDate "2016.04.06"]
[EventType "tourn"]
[EventRounds "11"]
[EventCountry "UKR"]
[SourceTitle "CBM 171 Extra"]
[Source "ChessBase"]
[SourceDate "2016.04.26"]
[SourceVersion "1"]
[SourceVersionDate "2016.04.26"]
[SourceQuality "1"]

1. d4 Nf6 2. c4 g6 3. Nc3 Bg7 4. e4 d6 5. Be2 0-0 6. Bg5 c5 7. d5 e6 8. Qd2 exd5 9. exd5 Re8 10. Nf3 Bg4 11. 0-0 Nbd7 12. Qf4 Qb6 13. Rfc1 Re7 14. h3 Bxf3 15. Bxf3 Rae8 16. Nb5 Re5 17. a4 Rf5 18. a5 Qd8 19. Qd2 Ne5 20. a6 Rxf3 21. axb7 Rb3 22. Rxa7 Nxc4 23. Rxc4 Rxb5 24. Ra8 Qe7 25. Bxf6 Bxf6 26. Ra7 Rxb7 27. Rxb7 Qxb7 28. b4 Qb5 29. Qf4 Re1+ 0-1

[Event "EU-ch U12 25th"]
[Site "Porec"]
[Date "2015.09.28"]
[Round "7"]
[White "Kamchytski, Alexandr"]
[Black "Scherbak, Yaroslav"]
[Result "1/2-1/2"]
[WhiteElo "1698"]
[BlackElo "1877"]
[PlyCount "83"]
[EventDate "2015.09.21"]
[EventType "swiss"]
[EventRounds "9"]
[EventCountry "CRO"]
[SourceTitle "EXT 2016"]
[Source "ChessBase"]
[SourceDate "2015.10.08"]
[SourceVersion "1"]
[SourceVersionDate "2015.10.08"]
[SourceQuality "1"]

1. e4 c5 2. Nf3 e6 3. d4 cxd4 4. Nxd4 a6 5. Bd3 Bc5 6. Nb3 Ba7 7. Qe2 Nc6 8. Be3 Nf6 9. Bxa7 Rxa7 10. e5 Nd5 11. Be4 Nde7 12. f4 d6 13. exd6 Qxd6 14. 0-0 0-0 15. Nc3 f5 16. Rad1 Qb8 17. Bf3 e5 18. fxe5 Nxe5 19. Rfe1 N7g6 20. Nd5 b6 21. Bh5 Ng4 22. Bxg4 fxg4 23. Rf1 Raf7 24. Rxf7 Rxf7 25. Qe8+ Rf8 26. Ne7+ Nxe7 27. Qxe7 Qf4 28. Qe2 b5 29. Rf1 Qd6 30. Rxf8+ Kxf8 31. c3 Qd5 32. Qd2 Qxd2 33. Nxd2 Ke7 34. Kf2 Kd6 35. b4 Be6 36. a3 Ke5 37. g3 Bd5 38. Ke3 Be6 39. Ke2 Bd5 40. Ke3 g5 41. Ke2 h6 42. Ke3 1/2-1/2

[Event "EU-ch U12 25th"]
[Site "Porec"]
[Date "2015.09.21"]
[Round "1"]
[White "Jordanov, Mihail"]
[Black "Scherbak, Yaroslav"]
[Result "0-1"]
[WhiteElo "1276"]
[BlackElo "1877"]
[PlyCount "42"]
[EventDate "2015.09.21"]
[EventType "swiss"]
[EventRounds "9"]
[EventCountry "CRO"]
[SourceTitle "EXT 2016"]
[Source "ChessBase"]
[SourceDate "2015.10.08"]
[SourceVersion "1"]
[SourceVersionDate "2015.10.08"]
[SourceQuality "1"]

1. e4 c5 2. Nc3 Nc6 3. g3 g6 4. Bg2 Bg7 5. Nge2 e6 6. 0-0 Nge7 7. d3 d6 8. Be3 Nd4 9. Qd2 Rb8 10. Rae1 b5 11. Nd1 b4 12. Nc1 0-0 13. c3 Ndc6 14. d4 bxc3 15. bxc3 Ba6 16. Ne2 Qa5 17. dxc5 dxc5 18. f4 Rfd8 19. Qc1 Qxa2 20. Rf2 Rb1 21. Nd4 Qa1 0-1